| 000 | 01605nam a2200217Ia 4500 | ||
|---|---|---|---|
| 003 | OSt | ||
| 005 | 20221209141800.0 | ||
| 008 | 210310s1996 ck ad gr 000 0 spa d | ||
| 040 |
_aCO-JMCR _cCO-JMCR |
||
| 041 | 0 | _aspa | |
| 082 | 0 | 4 |
_a336.343186148 / _bC718e _223 |
| 110 | 2 |
_aColombia. _bContraloría de Bogotá _941906 |
|
| 245 | 0 |
_aEvolución de la deuda publica distrito capital : _b1986-1995 / _cContraloría de Santafé de Bogotá D.C. |
|
| 260 |
_aBogotá : _bContraloría de Santafé de Bogotá, _c1996. |
||
| 300 |
_a129 páginas : _bilustraciones y gráficas a blanco y negro ; _c27 cm. |
||
| 505 | 0 | _aEvolución saldo de la deuda publica del distrito capital 1986-1995 -- Evolución limite de endeudamiento 1986-1995 | |
| 520 | 0 | _aSomos una entidad de servicio público de carácter técnico, dotada de autonomía administrativa y presupuestal que, con fundamento en las fuentes normativas, vigilamos y evaluamos la gestión fiscal de quienes manejan la Hacienda Pública Distrital. Nuestros servicios se caracterizan por ser fundamentados, claros, sencillos, exactos y oportunos. Nuestra meta es consolidarnos como la primera entidad de control fiscal y ser un ejemplo de la prestación del servicio público, eficaz y eficiente, manteniendo un alto grado de credibilidad. y respeto por parte de la comunidad donde actuamos, propiciando de esta manera un mejoramiento de la gestión de la administración presente y futura en beneficio del progreso colectivo | |
| 650 | 1 | 4 |
_aDeuda publica _y1986-1995 _929290 |
| 650 | 2 | 4 |
_aAdministración _vDeuda publica _y1986-1995 _941907 |
| 942 |
_2ddc _cBK |
||
| 999 |
_c12814 _d12814 |
||